| 000 | 01031nam a22001937a 4500 | ||
|---|---|---|---|
| 005 | 20230614135926.0 | ||
| 008 | 230614b ||||| |||| 00| 0 eng d | ||
| 020 | _a9780199696406 | ||
| 050 | _aKD3302.B73(12e) | ||
| 100 | _9Brayne, Hugh. | ||
| 245 |
_aLaw for social workers / _cHugh Brayne and Helen Carr. |
||
| 250 | _a12th Ed. | ||
| 260 |
_aOxford: _bOxford University Press, _c2013. |
||
| 300 |
_axlviii, 562p.: _c26 cm. |
||
| 500 | _aIncludes index | ||
| 505 | _aContents: The legal system in England and Wales -- The roles and responsibilities of the social worker -- Human rights -- Information sharing -- The principles of children's law -- Local authority support for children and families -- Investigation and case planning -- Applying to court -- Long-term planning for children -- Youth justice -- Adult social care -- The legal framework of adult social care -- Managing adult social care -- Mental capacity and adult safeguarding -- Mental health and the law. | ||
| 700 |
_aCarr, Helen. _91634 |
||
| 942 |
_2lcc _cBK |
||
| 999 |
_c9682 _d17182 |
||